00697nam a2200193Ia 4500008004100000020000700041082001700048100001800065245013700083250000800220260003400228300002300262500001900285600002700304650001500331942000700346952013300353999001700486240925s9999 xx 000 0 und d aNA a621.3822 HAS aHasnain , S.K 0aDigital Signal Processing: using DSP toolbox & blocksets in matlab computer laboratory practical work book Include Ti TMS C 6713 DSK a2nd aKarachi:bRoyal Booksc,2009. a586p.bNAfPirated aIncludes Index aElectronic Engineering aTechnology cBK 001040708ELaUITUbUITUd2009-02-03eRoyal Book Company g580.00l0o621.3822 HASpQ7726r2024-09-25 07:14:42w2024-09-25yBK c10225d10225